000 00312nam a22001457a 4500
008 230419b ||||| |||| 00| 0 eng d
020 _a0060452269
041 _aeng
080 _a030
082 _a030PIA
100 _a44
101 _aENCIK
245 _aEVOLUTIONARY ECOLOGY
_cPIANKA R.E
942 _2udc
_cBK
999 _c59598
_d59598